Cooklin's Garment Technology for Fashion Designers (Record no. 10848)

MARC details
000 -LEADER
fixed length control field 00451nam a2200157Ia 4500
008 - FIXED-LENGTH DATA ELEMENTS--GENERAL INFORMATION
fixed length control field 191201s2011 xx 000 0 und d
082 ## - DEWEY DECIMAL CLASSIFICATION NUMBER
Classification number 687
Item number HAC
100 ## - MAIN ENTRY--PERSONAL NAME
Personal name HAYES, Steven
245 #0 - TITLE STATEMENT
Title Cooklin's Garment Technology for Fashion Designers
250 ## - EDITION STATEMENT
Edition statement 2nd
260 ## - PUBLICATION, DISTRIBUTION, ETC. (IMPRINT)
Place of publication, distribution, etc New delhi
Name of publisher, distributor, etc Wiley India
Date of publication, distribution, etc 2012
300 ## - PHYSICAL DESCRIPTION
Extent 200
650 ## - SUBJECT ADDED ENTRY--TOPICAL TERM
Topical term or geographic name as entry element Bachelor of Fashion and Apparel Design
700 ## - ADDED ENTRY--PERSONAL NAME
Personal name MCLOUGHLIN, John and FAIRCLOUGH, Dorothy
942 ## - ADDED ENTRY ELEMENTS (KOHA)
Source of classification or shelving scheme Dewey Decimal Classification
Koha item type Text Books
Holdings
Withdrawn status Lost status Source of classification or shelving scheme Damaged status Not for loan Collection code Home library Current library Date acquired Source of acquisition Currency Cost, normal purchase price Bill Number Total Checkouts Full call number Acc. no. / Barcode Date last seen Actual Cost, discounted price Bill Date Koha item type Date last borrowed
    Dewey Decimal Classification     Bachelor of Fashion and Apparel Design PIET NCR College Library PIET NCR College Library 11/08/2021 Kirti Prakashan IN Rupees 995.00 IN2356   687 HAC N1878 17/08/2021 686.55 11/08/2021 Text Books  
    Dewey Decimal Classification     Bachelor of Fashion and Apparel Design PIET NCR College Library PIET NCR College Library 11/08/2021 Kirti Prakashan IN Rupees 995.00 IN2356   687 HAC N1879 17/08/2021 686.55 11/08/2021 Text Books  
    Dewey Decimal Classification     Bachelor of Fashion and Apparel Design PIET NCR College Library PIET NCR College Library 11/08/2021 Kirti Prakashan IN Rupees 995.00 IN2356 1 687 HAC N1880 01/04/2024 686.55 11/08/2021 Text Books 19/02/2024
    Dewey Decimal Classification     Bachelor of Fashion and Apparel Design PIET NCR College Library PIET NCR College Library 11/08/2021 Kirti Prakashan IN Rupees 995.00 IN2356   687 HAC N1881 17/08/2021 686.55 11/08/2021 Text Books  
    Dewey Decimal Classification     Bachelor of Fashion and Apparel Design PIET NCR College Library PIET NCR College Library 11/08/2021 Kirti Prakashan IN Rupees 995.00 IN2356   687 HAC N1882 17/08/2021 686.55 11/08/2021 Reference Books  

Design & Developed by: PIET Central Library
R70 Miles Stone Pattikalyana Samalkha Panipat 132102
mail ID :- [email protected], Phone No:- 0180-2569700 Ex.216